000 00475nam a2200181Ia 4500
005 20250508163922.0
008 008 250505s9999 xx 000 0 hin d
037 _aReference
040 _aFEDL
_beng
_cFEDL
041 _ahin
_2eng
084 _a372.954, PRO
_qFEDL
100 _aProb Dal
_9776764
245 0 _aPrarambhik shiksha : Ek sarvajanik report
260 _c1999
300 _a158p.
942 _cREF
_h372.954, PRO
999 _c1385990
_d1385990